ბათუმის შოთა რუსთაველის სახელმწიფო უნივერსიტეტის ბიბლიოთეკა

Практикум по эксплуатации машиннотракторного парка (ბიბ.ჩანაწერი № 45585)

000 -LEADER
fixed length control field 00897nam a2200229Ia 4500
001 - CONTROL NUMBER
control field 12411
003 - CONTROL NUMBER IDENTIFIER
control field GE_BSU
008 - FIXED-LENGTH DATA ELEMENTS--GENERAL INFORMATION
fixed length control field 181216s||||||||xx |||||||||||||| ||und||
040 ## - CATALOGING SOURCE
Transcribing agency GE_BSU
080 ## - UNIVERSAL DECIMAL CLASSIFICATION NUMBER
Universal Decimal Classification number 631.3(075.32)
100 ## - MAIN ENTRY--PERSONAL NAME
Personal name Пильщиков,Л.М.
245 ## - TITLE STATEMENT
Title Практикум по эксплуатации машиннотракторного парка
245 ## - TITLE STATEMENT
Remainder of title Уч. пособ. для студ.высших сель.хоз.учеб.завед.по спец."Механизация сельского хозяйства" и "Сельское хозяйство
245 ## - TITLE STATEMENT
Statement of responsibility, etc. Ред.Н.Д.Нагайцева
260 ## - PUBLICATION, DISTRIBUTION, ETC.
Place of publication, distribution, etc. Москва
260 ## - PUBLICATION, DISTRIBUTION, ETC.
Name of publisher, distributor, etc. Колос
260 ## - PUBLICATION, DISTRIBUTION, ETC.
Date of publication, distribution, etc. 1976
300 ## - PHYSICAL DESCRIPTION
Extent 270стр.илл.
300 ## - PHYSICAL DESCRIPTION
Accompanying material Приложение
653 ## - INDEX TERM--UNCONTROLLED
Uncontrolled term Практикум по эксплуатации машиннотракторного парка
942 ## - ADDED ENTRY ELEMENTS (KOHA)
Koha item type წიგნი
ეგზემპლარები
Withdrawn status Lost status Damaged status Not for loan Date acquired Barcode Date last seen Price effective from Koha item type
        2018-12-17 20742 2018-12-17 2018-12-17 წიგნი